| 000 -ლიდერი |
| ფიქსირებული სიგრძის საკონტროლო ველი |
01314nam a22001817a 4500 |
| 003 - საკონტროლო ნომრის იდენტიფიკატორი |
| საკონტროლო ველი |
Ge_BSU |
| 005 - ბოლო ოპერაციის თარიღი და დრო |
| საკონტროლო ველი |
20251010160831.0 |
| 008 - ფიქსირებული სიგრძის მონაცემთა ელემენტები - ზოგადი ინფორმაცია |
| ფიქსირებული სიგრძის საკონტროლო ველი |
251010s1979 ge ||||| |||| 00| 0 geo d |
| 041 ## - ენის კოდი |
| Language code of text/sound track or separate title |
geo |
| 080 ## - უნივერსალური ათობითი კლასიფიკაციის ინდექსი |
| Universal Decimal Classification number |
338(479.223) ა-97 |
| 245 ## - ცნობა სათაურის შესახებ |
| Title |
აჭარის ასსრ სახალხო მეურნეობის ზოგიერთი დარგის სოციალურ-ეკონომიკური განვითარების პრობლემები / |
| Statement of responsibility, etc |
რედაქტორი კ. ღლონტი; საქართველოს სსრ მეცნიერებათა აკადემია. ბათუმის სამეცნიერო-კვლევითი ინსტიტუტი. |
| 264 ## - წარმოების, გამოცემის, დისტრიბუციის და სხვა ცნობები |
| გამოცემის, წარმოების, დისტრიბუციის... ადგილი |
თბილისი : |
| გამოცემის, წარმოების, დისტრიბუციის... სახელწოდება |
მეცნიერება, |
| გამოცემის, წარმოების, დისტრიბუციის... თარიღი |
1979. |
| 300 ## - ფიზიკური აღწერა |
| Extent |
153 გვ.; |
| Other physical details |
21 სმ. |
| 653 ## - INDEX TERM--UNCONTROLLED |
| Uncontrolled term |
აჭარის სახალხო მეურნეობა |
| 700 ## - ADDED ENTRY--PERSONAL NAME |
| Personal name |
ღლონტი, კ. |
| Relator term |
რედაქტორი |
| 9 (RLIN) |
26009 |
| 710 ## - ADDED ENTRY--CORPORATE NAME |
| Corporate name or jurisdiction name as entry element |
საქართველოს სსრ მეცნიერებათა აკადემია |
| Subordinate unit |
ბათუმის სამეცნიერო-კვლევითი ინსტიტუტი. |
| 9 (RLIN) |
14533 |
| 942 ## - ADDED ENTRY ELEMENTS (KOHA) |
| Source of classification or shelving scheme |
|
| Koha item type |
წიგნი |